000 00824nam a22002297a 4500
999 _c17224
_d17224
008 220830b ||||| |||| 00| 0 eng d
020 _a9781260547986
082 _22020
_aDC 657.96
_bIn821
245 _aInternational accounting/
_cTimothy Doupnik, [and three others].
250 _aFifth edition
260 _aNew York, NY:
_bMcGraw-Hill Education,
_c[2020].
300 _axxl, 522 pages:
_b illustrations;
_c 26 cm.
500 _aInclude index.
650 _aAccounting.
_945782
650 _aInternational business enterprises -- Accounting.
_931734
650 _aMultinational corporations -- Accounting.
_945783
650 _aAccounting -- Textbooks.
_945784
700 _aFinn, Mark
_eauthor
_945785
700 _aGotti, Giorgio
_eauthor
_945786
700 _aPerera, Hector
_eauthor
_945787
942 _2ddc
_cDC